مسلم الثبوت ؛ مع، حاشيته التعليق المنعوت ;; Musallam al-thubūt ma'a, hashiatuh alta'aliq almanaut/ (Record no. 82599)
[ view plain ]
| 000 -LEADER | |
|---|---|
| fixed length control field | 01261cam a22002651i 4500 |
| 001 - CONTROL NUMBER | |
| control field | 82599 |
| 003 - CONTROL NUMBER IDENTIFIER | |
| rucl marc code | BD-RjUL |
| 005 - DATE AND TIME OF LATEST TRANSACTION | |
| control field | 20240114114123.0 |
| 008 - FIXED-LENGTH DATA ELEMENTS--GENERAL INFORMATION | |
| fixed length control field | 240112s1947 ii 000 0 arar |
| 035 ## - SYSTEM CONTROL NUMBER | |
| System control number | (BD-RjUL)82599 |
| 040 ## - CATALOGING SOURCE | |
| Original cataloging agency | DLC |
| Language of cataloging | eng |
| Description conventions | rda |
| Transcribing agency | DLC |
| Modifying agency | DLC |
| 041 ## - LANGUAGE CODE | |
| Language code of text/sound track or separate title | ara |
| 082 ## - DEWEY DECIMAL CLASSIFICATION NUMBER | |
| Edition number | 23 |
| Classification number | 340.59 |
| Author mark and year | BAM 1947 |
| 100 1# - MAIN ENTRY--PERSONAL NAME | |
| Personal name | بهاري، محب الله بن عبد الشكور، ;; Bahārī, Muḥibb Allāh ibn ʻAbd al-Shakūr, |
| Dates associated with a name | -1707 or 1708, |
| Relator term | author. |
| 9 (RLIN) | 10806 |
| 245 10 - TITLE STATEMENT | |
| Title | مسلم الثبوت ؛ مع، حاشيته التعليق المنعوت ;; Musallam al-thubūt ma'a, hashiatuh alta'aliq almanaut/ |
| Statement of responsibility, etc. | Muḥibb Allāh al-Bihārī ; maʻa al-ḥawāshī al-mufīdah wa-al-īḍāḥāt al-jadīdah lil-Maulavī Muḥammad Faiz̤ al-Ḥasan, wa-hiya Mafātiḥ al-buyūt. |
| 264 #1 - PRODUCTION, PUBLICATION, DISTRIBUTION, MANUFACTURE, AND COPYRIGHT NOTICE | |
| Place of production, publication, distribution, manufacture | Kanpur : |
| Name of producer, publisher, distributor, manufacturer | Idarat al Tahat al Haj, |
| Date of production, publication, distribution, manufacture, or copyright notice | 1947 |
| 300 ## - PHYSICAL DESCRIPTION | |
| Pagination | 364 pages ; |
| Size | 35 cm |
| 336 ## - CONTENT TYPE | |
| Content type term | text |
| Content type code | txt |
| Source | rdacontent |
| 337 ## - MEDIA TYPE | |
| Media type term | unmediated |
| Media type code | n |
| Source | rdamedia |
| 338 ## - CARRIER TYPE | |
| Carrier type term | volume |
| Carrier type code | nc |
| Source | rdacarrier |
| 650 #0 - SUBJECT ADDED ENTRY--TOPICAL TERM | |
| Topical term or geographic name as entry element | Islamic law |
| General subdivision | Interpretation and construction |
| Form subdivision | Early works to 1800. |
| 9 (RLIN) | 10807 |
| Topical term or geographic name as entry element | Hanafites |
| 700 1# - ADDED ENTRY--PERSONAL NAME | |
| Personal name | كنكوهي، محمد فيض الحسن. ;; Kankūhī, Muḥammad Fayḍ al-Ḥasan, |
| Relator term | editor. |
| 942 ## - ADDED ENTRY ELEMENTS (KOHA) | |
| Source of classification or shelving scheme | Dewey Decimal Classification |
| Koha item type | Books |
| Lost status | Source of classification or shelving scheme | Damaged status | Not for loan | Collection code | Permanent Location | Current Location | Shelving location | Date acquired | Source of acquisition | Full call number | Date last seen | Copy number | Koha item type |
|---|---|---|---|---|---|---|---|---|---|---|---|---|---|
| Dewey Decimal Classification | Not For Loan | Non-fiction | Central Library, University of Rajshahi | Central Library, University of Rajshahi | Reading Room | 06/04/1956 | Hazi abdul Qayum | A 340.59 BAM 1947 | 14/01/2024 | C-1 | Books |